000 00464pab a2200181 454500
008 180718b2002 xxu||||| |||| 00| 0 eng d
100 _aBriceno-Leon, Roberto
245 _aViolence and globalization in Latin America
260 _c2002
300 _ap.19-37.
362 _aJan
650 _aGlobalization - Latin America
650 _aLatin America
650 _aViolence
700 _aZubillaga, Veronica
773 _aCurrent Sociology
909 _a52292
999 _c52292
_d52292